=LDR 00000nam 2200000 4500 =001 INLIS000000000014423 =005 20130612105713 =008 ***********************************Ind** =035 ##$$0010-061300000014423 =041 ##$$a Ind =082 ##$$a F 813 =090 ##$$a F 813, Aks l =100 ##$$a Aksana, Andrei =245 ##$$a Lelaki terindah=The most beautiful man, Andrei aksana =260 ##$$a 2004 $b Jakarta =300 ##$$a 219 hlm, Il, 21 cm =650 ##$$a Fiksi Indonesia =850 ##$$a NBPNMAT